00477 2200193 4500001002100000005001500021008004100036020001800077035001900095041000700114082001200121090001800133100001500151245002000166260004100186300002700227500001100254650001800265INLIS00000000000613920241224113232241224||||||||| | ||| |||| || |  a979-444-280-1 0010-1224006139 aid0 a398.095 a398.095 RAH k0 aRahmah Asa00aKisah Timun Mas aJakartabPustaka Utama Grafitic2007 a25,5x18,5 cm, 24 hlm.; aCet. 2 0aCerita Rakyat